Electrical engineer's reference book (Record no. 3226)

000 -LEADER
fixed length control field 00434nam a22001697a 4500
008 - FIXED-LENGTH DATA ELEMENTS--GENERAL INFORMATION
fixed length control field 200323b ||||| |||| 00| 0 eng d
082 00 - DEWEY DECIMAL CLASSIFICATION NUMBER
Classification number 621.3
Item number M727
100 ## - MAIN ENTRY--PERSONAL NAME
9 (RLIN) 219
Personal name Molloy, E.
245 10 - TITLE STATEMENT
Title Electrical engineer's reference book
250 ## - EDITION STATEMENT
Edition statement 7th ed.
260 ## - PUBLICATION, DISTRIBUTION, ETC. (IMPRINT)
Place of publication, distribution, etc London
Name of publisher, distributor, etc Newnes
Date of publication, distribution, etc 1954
300 ## - PHYSICAL DESCRIPTION
Extent xlv, 100 p.
365 ## - TRADE PRICE
Unit of pricing 45.15
650 #0 - SUBJECT ADDED ENTRY--TOPICAL TERM
Topical term or geographic name as entry element Electrical Engineering
700 ## - ADDED ENTRY--PERSONAL NAME
9 (RLIN) 202
Personal name Say, M. G.
942 ## - ADDED ENTRY ELEMENTS (KOHA)
Item type Books
Holdings
Withdrawn status Lost status Source of classification or shelving scheme Damaged status Not for loan Permanent location Current location Date acquired Source of acquisition Full call number Barcode Date last seen Koha item type
          IMU Kolkata IMU Kolkata 1957-05-28 A. H. Wheeler 621.3 M727 02338 2020-03-23 Books
Designed and Maintained by IMU-KC Library, Kolkata Campus © Copyright All Rights Reserved

webs counters

Powered by Koha